David Bowie Top 40 Hits (UK) - Statistics

General Stats
  • This quiz has been taken 677 times
    661 since last reset
  • The average score is 19 of 52
Answer Stats
Year Pos. Song % Correct
1969 1 Space Oddity
92%
1977 12 "Heroes"
85%
1983 1 Let's Dance
85%
1973 3 Life on Mars?
78%
1972 10 Starman
78%
1980 1 Ashes to Ashes
74%
1983 2 China Girl
72%
1981* 1 Under Pressure (with Queen)
71%
1974 5 Rebel Rebel
65%
1975 17 Fame
61%
1972 2 The Jean Genie
58%
1975 18 Young Americans
57%
1980 5 Fashion
56%
1985* 1 Dancing in the Street (with Mick Jagger)
55%
1983 2 Modern Love
55%
1977 3 Sound and Vision
50%
1974 21 Diamond Dogs
48%
1975 8 Golden Years
46%
1984 6 Blue Jean
37%
1972 12 John, I'm Only Dancing
37%
1981 20 Scary Monsters (And Super Creeps)
36%
1967 6 The Laughing Gnome
33%
1986 2 Absolute Beginners
32%
1979 7 Boys Keep Swinging
31%
1974 22 Rock 'n' Roll Suicide
30%
1976 33 TVC 15
28%
1973 3 Drive-In Saturday
27%
1996* 12 Hallo Spaceboy (with Pet Shop Boys)
26%
1973 3 Sorrow
26%
2013 6 Where Are We Now?
24%
1982 26 Cat People (Putting Out Fire)
23%
1979 29 DJ
22%
1985 19 Loving the Alien
22%
1985* 14 This Is Not America (with Pat Mentheny Group)
21%
1993 9 Jump They Say
19%
1997 14 Little Wonder
19%
1978 39 Beauty and the Beast
18%
1987 34 Never Let Me Down
18%
1981 32 Up the Hill Backwards
14%
1993* 36 Black Tie White Noise (with Al B. Sure!)
13%
1999 16 Thursday's Child
13%
1987 17 Day-In Day-Out
11%
2000 32 Seven
11%
1993* 35 The Buddha of Surburbia (with Lenny Kravitz)
11%
1987 33 Time Will Crawl
11%
2002 20 Everyone Says 'Hi'
10%
1986 21 Underground
10%
1980 23 Alabama Song
8%
1995 35 The Hearts Filthy Lesson
8%
1997 32 Dead Man Walking
7%
2000 28 Survive
7%
1993 40 Miracle Goodnight
4%
No matching quizzes found
Score Distribution
Percent of People with Each Score
Percentile by Number Answered
Your Score History
You have not taken this quiz since the last reset